000 00321nam a22001337a 4500
003 SGT
082 _a617.601
_bL13S
100 _aSAHU, DEEPSIKHA
245 _aLOFE STYLE AND ORAL HEALTH
260 _aDELHI NCR
_bSGT UNIVERSITY GURUGRAM
_c2013
300 _a1-98
650 _aPUBLIC HEALTH DENTISTRY
942 _2ddc
_cTH
999 _c18840
_d18840